Natural rubber: Agromanagement and crop processing (Record no. 52448)

MARC details
000 -LEADER
fixed length control field 00580nam a2200205Ia 4500
100 ## - MAIN ENTRY--AUTHOR NAME
Personal name George P.J.
245 #0 - TITLE STATEMENT
Title Natural rubber: Agromanagement and crop processing
260 ## - PUBLICATION, DISTRIBUTION, ETC. (IMPRINT)
Name of publisher Rubber Research Institute of India, Kottayam, India, 648 p.
Year of publication 2000
650 ## - SUBJECT ADDED ENTRY--TOPICAL TERM
Topical Term Crop management
650 ## - SUBJECT ADDED ENTRY--TOPICAL TERM
Topical Term Crop physiology
650 ## - SUBJECT ADDED ENTRY--TOPICAL TERM
Topical Term Crop processing
650 ## - SUBJECT ADDED ENTRY--TOPICAL TERM
Topical Term Crop protection
650 ## - SUBJECT ADDED ENTRY--TOPICAL TERM
Topical Term Ecofriendliness
650 ## - SUBJECT ADDED ENTRY--TOPICAL TERM
Topical Term History
650 ## - SUBJECT ADDED ENTRY--TOPICAL TERM
Topical Term Marketing
650 ## - SUBJECT ADDED ENTRY--TOPICAL TERM
Topical Term Non traditional region
700 ## - ADDED ENTRY--PERSONAL NAME
Personal name Jacob C.K.
942 ## - ADDED ENTRY ELEMENTS (KOHA)
Koha item type Bibliography STAF
Holdings
Withdrawn status Lost status Damaged status Not for loan Home library Current library Date acquired Koha item type
      Bibliography RRII Library RRII Library 09/04/2014 Bibliography STAF